Aprender a leer: de las ciencias cognitivas al aula
Saved in:
| Main Author: | |
|---|---|
| Format: | Book |
| Language: | Spanish |
| Published: |
Buenos Aires
Siglo Veintiuno
2015
|
| Edition: | 1a. ed |
| Series: | Ciencia que ladra...Serie Mayor
|
| Subjects: | |
| Tags: |
Add Tag
No Tags, Be the first to tag this record!
|
MARC
| LEADER | 00000cam a2200000 a 4500 | ||
|---|---|---|---|
| 001 | UCD3368 | ||
| 003 | CL-VaPUC | ||
| 008 | 160603e20150000ag |||||||||||||||||spa|d | ||
| 020 | |a 9789876295055 | ||
| 082 | 0 | 4 | |a 153.152 |b DEH |2 21 |
| 100 | 0 | |a Dehaene, Stanislas |e author |9 232 | |
| 245 | 1 | 0 | |a Aprender a leer: de las ciencias cognitivas al aula |
| 250 | |a 1a. ed | ||
| 300 | |a 136 p | ||
| 942 | |c BK | ||
| 945 | |d 20160603 11:43:00 |a arojas | ||
| 260 | |a Buenos Aires |b Siglo Veintiuno |c 2015 | ||
| 650 | 0 | |a Métodos de aprendizaje |9 334464 | |
| 650 | 0 | |a Cognición |9 270347 | |
| 650 | 0 | |a Lectura |9 307634 | |
| 583 | |a last modification |c 20160609 04:09:59 |k Rodrigo Vera | ||
| 490 | 0 | |a Ciencia que ladra...Serie Mayor | |
| 999 | |c 364404 |d 364402 | ||
| 952 | |0 0 |1 0 |3 erb |4 0 |6 153_152000000000000_DEH_2015 |7 0 |8 A |9 477570 |a BIBEDU |b BIBEDU |i 528886K |l 1 |m 1 |o 153.152 DEH 2015 |p 528886K |r 2023-10-10 |s 2023-09-25 |w 2019-11-24 |y BK |z Catalogado en:20160603 |k EDI | ||
| 952 | |0 0 |1 0 |3 erb |4 0 |6 153_152000000000000_DEH_2015 |7 0 |8 A |9 477571 |a BIBEDU |b BIBEDU |i 5366542 |l 3 |o 153.152 DEH 2015 |p 5366542 |r 2024-06-07 |s 2024-05-31 |w 2019-11-24 |y BK |z Catalogado en:20170317 |k EBA | ||